000 00530nam a2200217Ia 4500
003 MUT
005 20240606080833.0
008 150730s9999 xx 000 0 und d
020 _a0697241696
040 _cMUT
050 _aQD 415
_b.Z83 1995
100 _aZubay, Geoffrey L
245 _aPrinciples of biochemistry
264 _aEngland
264 _bWCB
264 _c1995
650 _a Biochemistry
_vTextbooks
650 _aLife Sciences / Biochemistry
942 _2lcc
_cBK
999 _c1270
_d1270